| 000 | 01166cam a2200349 i 4500 | ||
|---|---|---|---|
| 999 |
_c200445475 _d63687 |
||
| 001 | 200445475 | ||
| 003 | TR-AnTOB | ||
| 005 | 20220614091427.0 | ||
| 007 | ta | ||
| 008 | 871201s1988 maua 000 0 eng | ||
| 010 | _a 87032395 | ||
| 020 | _a0731619919 | ||
| 035 | _a(TR-AnTOB)200445475 | ||
| 040 |
_aDLC _beng _erda _cDLC _dDLC _dTR-AnTOB |
||
| 041 | 0 | _aeng | |
| 043 | _au-at--- | ||
| 050 | 0 | 0 |
_aDU105.2 _b.A94 1988 |
| 090 |
_aTOBBK DU105.2 _b.A94 1988 |
||
| 099 | _a910.22 AUS 1988 | ||
| 245 | 0 | 4 |
_aThe Australian adventure : _bthe explorer's guide to the island continent / _c[contributing writers, Geoff Atkinson [and others ; photographers, Philip Quirk and others]. |
| 264 | 1 |
_aTopsfield, Mass. : _bSalem House, _c1988. |
|
| 300 |
_a528 pages : _bcolor illustrations ; _c31 cm |
||
| 336 |
_atext _btxt _2rdacontent |
||
| 337 |
_aunmediated _bn _2rdamedia |
||
| 338 |
_avolume _bnc _2rdacarrier |
||
| 651 | 0 |
_aAustralia _vPictorial works _9134302 |
|
| 700 | 1 |
_aAtkinson, Geoffrey _econtributor _9134303 |
|
| 700 | 1 |
_aQuirk, Philip _ephotographer _9134304 |
|
| 942 |
_2z _cBK |
||